[Event "Biel Chess Festival 2024 - Amateur tournament"]
[Site "Biel/Bienne"]
[Date "2024.07.16"]
[Round "1"]
[Board "5"]
[White "Schneuwly, Achim"]
[Black "Pavlov, Myroslav"]
[Result "1-0"]
[WhiteElo "1933"]
[BlackElo "1728"]
[PlyCount "0"]
[EventDate "2024.07.16"]
[EventRounds "9"]
[EventCountry "SUI"]

1. d4 Nf6 2. Nf3 g6 3. c4 Bg7 4. Nc3 d6 5. e4 e5 6. dxe5 dxe5 7. Qxd8+ Kxd8 8. Bg5
Nd7 9. O-O-O Re8 10. Nd5 Re6 11. c5 c6 12. Nxf6 Bxf6 13. Be3 Kc7 14. Bc4 Re7 15.
Rd6 b6 16. Rhd1 Bg7 17. b4 a5 18. b5 Bb7 19. bxc6 Bxc6 20. Rxc6+ Kxc6 21. Bd5+ Kb5
22. Bxa8 bxc5 23. a4+ Kb4 24. Bc6 Nb6 25. Kc2 Nxa4 26. Rb1+ Ka3 27. Bc1+ Nb2 28.
Bxb2+ Kb4 29. Bc3+ Ka3 30. Rb3+ Ka2 31. Bb2 Rb7 32. Ra3#  1-0

[Event "Biel Chess Festival 2024 - Amateur tournament"]
[Site "Biel/Bienne"]
[Date "2024.07.16"]
[Round "1"]
[Board "7"]
[White "Conrad, Vincent"]
[Black "Schweizer, Ulrich"]
[Result "1-0"]
[WhiteElo "1931"]
[BlackElo "1727"]
[PlyCount "0"]
[EventDate "2024.07.16"]
[EventRounds "9"]
[EventCountry "SUI"]

1. Nf3 d5 2. d4 Nf6 3. c4 e6 4. g3 c6 5. Bg2 Nbd7 6. Nbd2 Be7 7. Qc2 O-O 8. O-O b6
9. e4 dxe4 10. Nxe4 Bb7 11. Ne5 Rc8 12. Rd1 Nxe4 13. Bxe4 Nf6 14. Bg2 a6 15. Bf4
Nh5 16. c5 Nxf4 17. gxf4 f6 18. Nc4 b5 19. Ne3 Qc7 20. Qe4 Qd7 21. Bh3 f5 22. Qc2
Bf6 23. Qb3 Qf7 24. Nf1 Rcd8 25. Ng3 Rxd4 26. Rxd4 Bxd4 27. Rc1 Re8 28. Re1 Bf6 29.
Bxf5 Bc8 30. Bh3 Rf8 31. Ne4 Bh4 32. Qf3 e5 33. Bxc8 Rxc8 34. Nd6 Qg6+ 35. Kh1 e4
36. Qh3 Rc7 37. Qxh4 Re7 38. Qg3 Qf6 39. Re2 Qd4  1-0

[Event "Biel Chess Festival 2024 - Amateur tournament"]
[Site "Biel/Bienne"]
[Date "2024.07.16"]
[Round "1"]
[Board "9"]
[White "Oestmann, Lukas"]
[Black "Kern, Beat"]
[Result "1-0"]
[WhiteElo "1926"]
[BlackElo "1717"]
[PlyCount "0"]
[EventDate "2024.07.16"]
[EventRounds "9"]
[EventCountry "SUI"]

1. e4 c6 2. c4 e5 3. Nf3 d6 4. Nc3 Nf6 5. d4 exd4 6. Nxd4 Be7 7. Be2 O-O 8. Be3 Nbd7
9. Qc2 Nb6 10. h3 Re8 11. O-O Bf8 12. Bg5 h6 13. Bh4 Be7 14. Bg3 Bd7 15. Rad1 Nc8
16. Rfe1 a6 17. a4 a5 18. Kh1 Qb6 19. f4 Bf8 20. e5 dxe5 21. fxe5 Nh7 22. Nf3 Be6
23. Bd3 Ng5 24. Nxg5 hxg5 25. Qe2 Ne7 26. Rf1 Qc7 27. Qh5 g6 28. Qxg5 Bg7 29. Ne4
 1-0

[Event "Biel Chess Festival 2024 - Amateur tournament"]
[Site "Biel/Bienne"]
[Date "2024.07.16"]
[Round "1"]
[Board "21"]
[White "Schmid, Nicola"]
[Black "Kim, Sarang"]
[Result "1-0"]
[WhiteElo "1888"]
[BlackElo "1660"]
[PlyCount "0"]
[EventDate "2024.07.16"]
[EventRounds "9"]
[EventCountry "SUI"]

1. Nf3 d5 2. b3 c5 3. e3 Nc6 4. Bb5 Nf6 5. Bb2 Bg4 6. h3 Bh5 7. g4 Bg6 8. Ne5 Qc7
9. Bxc6+ bxc6 10. d3 e6 11. Nd2 Bd6 12. Ndf3 O-O 13. Qe2 Nd7 14. Nxd7 Qxd7 15. h4
f6 16. h5 Be8 17. g5 fxg5 18. h6 gxh6 19. Rxh6 Bg6 20. O-O-O Rf5 21. Rg1 Raf8 22.
Nxg5 Rxf2 23. Qg4 Rf1+ 24. Rxf1 Rxf1+ 25. Kd2 Kf8 26. Qh4 Kg8 27. Rxg6+ hxg6 28.
Qh8#  1-0

[Event "Biel Chess Festival 2024 - Amateur tournament"]
[Site "Biel/Bienne"]
[Date "2024.07.16"]
[Round "1"]
[Board "28"]
[White "Fernandez Van Raap, Marcela"]
[Black "Kuenzi, Anton"]
[Result "0-1"]
[WhiteElo "1613"]
[BlackElo "1862"]
[PlyCount "0"]
[EventDate "2024.07.16"]
[EventRounds "9"]
[EventCountry "SUI"]

1. e4 c6 2. c4 d5 3. cxd5 cxd5 4. e5 a6 5. d4 Nc6 6. Nc3 Bf5 7. a3 e6 8. Be3 Qb6
9. Qd2 Na5 10. Na4 Qd8 11. Qd1 b5 12. Nc5 Bxc5 13. dxc5 Nc4 14. Bd4 Ne7 15. b3 Qa5+
16. b4 Qc7 17. Bxc4 dxc4 18. Nf3 Rd8 19. O-O Nc6 20. Ra2 Bd3 21. Ba1 Bxf1 22. Qxf1
O-O 23. Qe1 Rd3 24. h3 Rfd8 25. Qe4 h6 26. Ne1 Rd1 27. Kh2 R8d5 28. f4 Qd7 29. Bc3
Nd4 30. Qe3 Nf5 31. Qf2 h5 32. g4 hxg4 33. hxg4 Nh6 34. Qg3 R5d3 35. Nxd3 Rxd3 36.
Qg2 Rxc3 37. Qa8+ Kh7 38. Qe4+ g6 39. Qg2 Qd8 40. Re2 Qd4  0-1

[Event "Biel Chess Festival 2024 - Amateur tournament"]
[Site "Biel/Bienne"]
[Date "2024.07.16"]
[Round "1"]
[Board "42"]
[White "Cardoso Rodrigues, Michael"]
[Black "Gueldenapfel, Thomas"]
[Result "1-0"]
[WhiteElo "1796"]
[BlackElo "1513"]
[PlyCount "0"]
[EventDate "2024.07.16"]
[EventRounds "9"]
[EventCountry "SUI"]

1. e4 e5 2. Nc3 Nc6 3. Bc4 Nf6 4. d3 Bc5 5. f4 exf4 6. Bxf4 d6 7. Nf3 O-O 8. Na4
a6 9. Nxc5 dxc5 10. a4 Re8 11. O-O h6 12. Qe1 Nb4 13. Bb3 Bg4 14. Qg3 Kh8 15. Ne5
Qc8 16. Nxf7+ Kh7 17. h3 Be6 18. Bxh6 gxh6 19. Rxf6 Bxf7 20. Rxf7+ Kh8 21. Qg7#  1-0

[Event "Biel Chess Festival 2024 - Amateur tournament"]
[Site "Biel/Bienne"]
[Date "2024.07.16"]
[Round "1"]
[Board "43"]
[White "Choi, Juneho"]
[Black "Richard, Jean-Paul"]
[Result "0-1"]
[WhiteElo "1497"]
[BlackElo "1796"]
[PlyCount "0"]
[EventDate "2024.07.16"]
[EventRounds "9"]
[EventCountry "SUI"]

1. e4 c5 2. d4 cxd4 3. c3 Nf6 4. e5 Nd5 5. cxd4 d6 6. f4 Nc6 7. Nf3 g6 8. Nc3 Nxc3
9. bxc3 d5 10. Bd3 Bg4 11. O-O Bg7 12. h3 Bxf3 13. Qxf3 e6 14. Bb5 h5 15. Bxc6+ bxc6
16. c4 O-O 17. c5 f6 18. Qd3 Kh7 19. Be3 Qa5 20. Bd2 Qa4 21. Be3 Rab8 22. Qd2 Rb4
23. Rab1 Rfb8 24. Rxb4 Rxb4 25. Qc3 a5 26. Rf2 Rb1+ 27. Kh2 Qb5 28. Bd2 a4 29. Qa5
Qxa5 30. Bxa5 Rd1 31. Bc3 Rc1 32. Bb2 Rd1 33. exf6 Bxf6 34. Re2 Bxd4 35. Bxd4 Rxd4
36. Rxe6 Rxf4 37. Rxc6 Rf2 38. Ra6 Rxa2 39. c6 Rc2 40. Ra7+ Kh6 41. Rc7 a3 42. Ra7
a2 43. c7 Rxc7 44. Rxa2 Kg5 45. Rd2 Rd7 46. Kg3 Kf5 47. Kf3 Ke5 48. Ke3 d4+ 49. Ke2
Kd5 50. Kd3 Re7 51. Re2 Rxe2 52. Kxe2 h4 53. Kd3 g5 54. Ke2 Ke4 55. Kd2 d3  0-1

[Event "Biel Chess Festival 2024 - Amateur tournament"]
[Site "Biel/Bienne"]
[Date "2024.07.16"]
[Round "1"]
[Board "44"]
[White "Ehrsam, Andreas"]
[Black "Shin, Seungmin"]
[Result "1/2-1/2"]
[WhiteElo "1793"]
[BlackElo "1493"]
[PlyCount "0"]
[EventDate "2024.07.16"]
[EventRounds "9"]
[EventCountry "SUI"]

1. d4 Nf6 2. Nf3 e6 3. e3 d5 4. Bd3 c5 5. b3 Nbd7 6. O-O Be7 7. Nbd2 O-O 8. Bb2 a6
9. Ne5 Nxe5 10. dxe5 Nd7 11. f4 f6 12. Qh5 f5 13. Kh1 Qe8 14. Qe2 b5 15. c4 bxc4
16. bxc4 a5 17. Nf3 Nb6 18. cxd5 exd5 19. Bb5 Bd7 20. Bxd7 Qxd7 21. Rfd1 Rfd8 22.
Bc3 a4 23. Rab1 Nc4 24. Nd2 Nxd2 25. Rxd2 Qe6 26. Rb7 Rdb8 27. Rxb8+ Rxb8 28. Qd1
Kh8 29. Qxa4 Rb1+ 30. Rd1 Rxd1+ 31. Qxd1 d4 32. exd4 cxd4 33. Bxd4 Qxa2 34. Qa1 Qxa1+
35. Bxa1 Kg8 36. g3 Kf7 37. Bd4 Ke6 38. Kg2 Kd5 39. Bb2 Ke4 40. Bc1 h6 41. h3 g5
42. Kf2 Bc5+ 43. Ke2 Be7 44. Bd2 gxf4 45. gxf4 h5 46. Kf2 Bh4+ 47. Kg2 Be7 48. Kg3
h4+ 49. Kf2 Bf8 50. Ke2 Be7 51. Bc1 Bf8 52. Kf2 Bc5+ 53. Kg2 Be7 54. Bd2 Bf8  1/2-1/2

[Event "Biel Chess Festival 2024 - Amateur tournament"]
[Site "Biel/Bienne"]
[Date "2024.07.16"]
[Round "1"]
[Board "45"]
[White "Kim, Danha"]
[Black "Lachausse, Bruno"]
[Result "0-1"]
[WhiteElo "1491"]
[BlackElo "1787"]
[PlyCount "0"]
[EventDate "2024.07.16"]
[EventRounds "9"]
[EventCountry "SUI"]

1. e4 c5 2. d4 cxd4 3. c3 d3 4. Bxd3 g6 5. Be3 Nc6 6. Nf3 Bg7 7. O-O d6 8. h3 Nf6
9. Nbd2 O-O 10. Nb3 a6 11. Nbd4 Bd7 12. Re1 Rc8 13. Qb3 Na5 14. Qc2 b5 15. b4 Nc4
16. Bxc4 Rxc4 17. e5 Nd5 18. exd6 Rxc3 19. dxe7 Qxe7 20. Bd2 Rxc2 21. Rxe7 Nxe7 22.
Nxc2 Bxa1 23. Nxa1 Be6 24. a3 Rd8 25. Nc2 Nc6 26. Kf1 Bc4+ 27. Ke1 Re8+ 28. Ne3 f5
29. Kd1 Bb3+ 30. Kc1 Ne5 31. Nd4 Nd3+ 32. Kb1 Bf7 33. Nd1 Re4 34. Bc3 Bc4 35. Kc2
Ne1+  0-1

[Event "Biel Chess Festival 2024 - Amateur tournament"]
[Site "Biel/Bienne"]
[Date "2024.07.16"]
[Round "1"]
[Board "46"]
[White "Pantillon, Patrick Andre"]
[Black "Kim, Hyunwoo B"]
[Result "1-0"]
[WhiteElo "1782"]
[BlackElo "1462"]
[PlyCount "0"]
[EventDate "2024.07.16"]
[EventRounds "9"]
[EventCountry "SUI"]

1. Nc3 d5 2. e4 d4 3. Nce2 e5 4. Ng3 a6 5. Nf3 Nc6 6. Bc4 Nf6 7. a3 h6 8. d3 Bg4
9. h3 Bxf3 10. Qxf3 Be7 11. Nh5 g6 12. Nxf6+ Bxf6 13. Bd2 Qd6 14. O-O O-O-O 15. b4
b5 16. Bxf7 Rdf8 17. Qg4+ Qd7 18. Be6 Qxe6 19. Qxe6+ Kb7 20. f4 Bg7 21. f5 gxf5 22.
Rxf5 Re8 23. Qf7 Rhg8 24. Raf1 Ref8 25. Qh5 Rxf5 26. Rxf5 Rf8 27. Rxf8 Bxf8 28. Bxh6
Be7 29. g4 Nd8 30. g5 Ne6 31. g6 Bf6 32. Qf5 Nf4 33. Bxf4 exf4 34. Qxf6 f3 35. Kf2
Kc8 36. g7 Kb7 37. g8=Q Ka7 38. Qc6  1-0

[Event "Biel Chess Festival 2024 - Amateur tournament"]
[Site "Biel/Bienne"]
[Date "2024.07.16"]
[Round "1"]
[Board "47"]
[White "Shin, Yisoo"]
[Black "Trachsel, Peter"]
[Result "0-1"]
[WhiteElo "1449"]
[BlackElo "1782"]
[PlyCount "0"]
[EventDate "2024.07.16"]
[EventRounds "9"]
[EventCountry "SUI"]

1. e4 c6 2. d4 d5 3. f3 e6 4. Nc3 Nf6 5. Be3 Be7 6. Bd3 b6 7. Nge2 Ba6 8. Bxa6 Nxa6
9. a3 O-O 10. Qd3 Nc7 11. e5 Nd7 12. f4 c5 13. O-O-O c4 14. Qd2 b5 15. g4 b4 16.
axb4 Bxb4 17. f5 Nb5 18. h4 Qa5 19. Kb1 Rab8 20. h5 Nxc3+ 21. Nxc3 Bxc3 22. Qe2 Rxb2+
 0-1

[Event "Biel Chess Festival 2024 - Amateur tournament"]
[Site "Biel/Bienne"]
[Date "2024.07.16"]
[Round "1"]
[Board "48"]
[White "Coletta, Julien"]
[Black "Van Bogaert, Olivier"]
[Result "1/2-1/2"]
[WhiteElo "1778"]
[BlackElo "1815"]
[PlyCount "0"]
[EventDate "2024.07.16"]
[EventRounds "9"]
[EventCountry "SUI"]

1. e4 c6 2. c4 d5 3. exd5 cxd5 4. cxd5 Nf6 5. Nc3 g6 6. Bc4 Bg7 7. Nf3 Nbd7 8. d6
e6 9. O-O O-O 10. d4 Nb6 11. Ne5 Nfd7 12. Nxd7 Qxd7 13. Bb3 Qxd6 14. d5 Bxc3 15.
bxc3 Rd8 16. dxe6 Bxe6 17. Bg5 Qxd1 18. Raxd1 Rxd1 19. Rxd1 Bxb3 20. axb3 Re8  1/2-1/2

[Event "Biel Chess Festival 2024 - Amateur tournament"]
[Site "Biel/Bienne"]
[Date "2024.07.16"]
[Round "1"]
[Board "49"]
[White "Rossi, Patrick"]
[Black "Meshach, Felix"]
[Result "0-1"]
[WhiteElo "1539"]
[BlackElo "1773"]
[PlyCount "0"]
[EventDate "2024.07.16"]
[EventRounds "9"]
[EventCountry "SUI"]

1. d4 e6 2. c4 b6 3. Nf3 Bb7 4. e3 Nf6 5. Nc3 Bb4 6. Be2 Bxc3+ 7. bxc3 O-O 8. O-O
d6 9. a4 a5 10. Ba3 Ne4 11. Qb3 Nd7 12. Rfd1 Rb8 13. Rac1 Ndf6 14. Qc2 Re8 15. Nd2
Nxd2 16. Rxd2 Ne4 17. Rdd1 Qh4 18. Bf3 f5 19. g3 Qf6 20. Bb2 Nxc3 21. Bxc3 Bxf3 22.
d5 Qh6 23. h4 Bxd1 24. Rxd1 exd5 25. Rxd5 g6 26. Qd2 Qf8 27. Qd4 Re6 28. h5 Kf7 29.
hxg6+ hxg6 30. g4 fxg4 31. Qxg4 Ke7 32. Rg5 Qf7 33. e4 Rf8 34. Bd4 Qf3 35. Qh4 Kd7
36. e5 Kc8 37. Rg3 Qd1+ 38. Kg2 Qxa4 39. Qe4 Kb8 40. Qg4  0-1

[Event "Biel Chess Festival 2024 - Amateur tournament"]
[Site "Biel/Bienne"]
[Date "2024.07.16"]
[Round "1"]
[Board "61"]
[White "Mohr, Jan"]
[Black "Gertsch, Heinz"]
[Result "1-0"]
[WhiteElo "1824"]
[BlackElo "1582"]
[PlyCount "0"]
[EventDate "2024.07.16"]
[EventRounds "9"]
[EventCountry "SUI"]

1. d4 d5 2. c4 Nf6 3. Nc3 c6 4. Nf3 h6 5. Bf4 Bf5 6. e3 e6 7. cxd5 a6 8. dxe6 Bxe6
9. Bd3 Nd5 10. Nxd5 cxd5 11. O-O Be7 12. Qa4+ Nc6 13. Ne5 O-O 14. Nxc6 bxc6 15. Qxc6
Bg5 16. Qc7 Qe8 17. Bxg5 hxg5 18. Qg3 Qe7 19. f4 f6 20. fxg5 f5 21. g6 Rf6 22. Qh4
Kf8 23. Bxf5 Bxf5 24. Qh8#  1-0